000 01556cam a2200313 i 4500
999 _c130190
_d130190
001 20609712
003 ARRUPE
005 20200123142647.0
008 180801t2020 caua b 001 0 eng
010 _a 2018035896
020 _a9781506371832 (Paperback : acidfree paper)
040 _aDLC
_beng
_cDLC
_erda
_dDLC
042 _apcc
050 0 0 _aHA32
_b.D37 2020
082 0 0 _a005.5/5
_223
100 1 _aDaniels, Lisa,
_eauthor.
_949068
245 1 3 _aAn introduction to statistics and data analysis using Stata :
_bfrom research design to final report /
_cLisa Daniels, Washington College, Nicholas Minot, International Food Policy Research Institute, Washington, DC.
250 _aFirst edition.
300 _axx, 370 pages :
_billustrations ;
_c23 cm
504 _aIncludes bibliographical references and index.
505 0 _aBRIEF CONTENTS: An introduction to statistics and data analysis using Stata: from research design to final report / by Lisa Daniels and Nicholas W.Minot. Part 1. The research process and data collection -- Part 2. Describing data -- Part 3. Testing hypotheses -- Part 4. Exploring relationships.
630 0 0 _aStata.
_949069
650 0 _aSocial sciences
_xStatistical methods
_xComputer programs.
_949070
650 0 _aQuantitative research
_xComputer programs.
_949071
856 _zAlso available as an Ebook
906 _a7
_bcbc
_corignew
_d1
_eecip
_f20
_gy-gencatlg
942 _2lcc
_cMONOGRAPH